01605nam a2200409 i 450000100060000000300080000600500170001400600190003100700150005000800410006502000270010603500230013303500240015603500250018003500220020504000310022705000240025808000230028208200190030510000350032424500940035926400530045330000410050633600310054733700330057833800430061150400290065458801240068359001640080765000460097165000290101765000240104665500270107079700190109785600620111699900170117856213FlNmELB20241216232826.0m o d | cr cnu||||||||180610s2015 mx ob 000 0 spa d a9786079686819 (e-book) a(MiAaPQ)EBC5307943 a(Au-PeEL)EBL5307943 a(CaPaEBR)ebr11516762 a(OCoLC)1105438527 aFINmELBbspaerdacFINmELB 4aRJ506.H9bV148 2015 a616.89-008.47/.4810 a618.9285892231 aValdés Velázquez, Armando.10aTrastorno por déficit de atención y/o hiperactividad /cArmando Valdés Velázquez. 1aMéxico, D.F. :bEditorial Digital UNID,c2015. a1 recurso en línea (136 páginas) atextobtxt2rdacontent/spa acomputadorabc2rdamedia/spa arecurso en líneabcr2rdacarrier/spa aContiene bibliografía. aDescripción basada en recurso en línea; Título de la página del título en PDF (e-libro, visto July 10, 2018). aRecurso electrónico. Santa Fe, Arg.: e-libro, 2018. Disponible vía World Wide Web. El acceso puede estar limitado para las bibliotecas afiliadas a e-libro. 0aAttention-deficit hyperactivity disorder. 4aPsicología del niño. 4aDeficiencia mental. 4aLibros electrónicos.2 ae-libro, Corp.40uhttps://elibro.net/ereader/politecnicointernacional/41237 c56213d56213